00375nam a2200133Ia 4500008004100000041000800041082001600049100001200065245008600077260003200163300000800195650002600203700001200229220803s9999 xx 000 0 und d aeng a722.954 GUP aGupta D aConservation Briefs : Identification And Documentation Of Built Heritage In India aNew DelhibIntach Pubc2007 a86p aArchitectural History aGupta D